[Event "Mind Sports Games - Rapid Ind"]
[Site "Pechino CINA"]
[Date "2008.10.05"]
[Round "1"]
[White "Sandipan, C."]
[Black "Ni Hua"]
[Result "1-0"]
[WhiteElo "2579"]
[BlackElo "2710"]
[PlyCount "113"]
[EventDate "2008.10.05"]
[Source "www.chesslib.no"]
[SourceDate "2004.05.04"]

1. Nf3 Nf6 2. d4 d5 3. c4 c6 4. e3 a6 5. Bd3 Bg4 6. h3 Bh5 7. Qb3 Bxf3 8. gxf3 Qc7 9. Nc3 e6 10. f4 dxc4 11. Bxc4 b5 12. Be2 Nbd7 13. Bd2 c5 14. Bf3 Rc8 15. Rc1 Bd6 16. Ne2 O-O 17. e4 c4 18. Qc2 Qb7 19. a3 Nb6 20. O-O Na4 21. Bg2 Be7 22. e5 Nd5 23. f5 Qd7 24. Be4 Kh8 25. fxe6 fxe6 26. Bxh7 Nxb2 27. Bg6 Nd3 28. Bxd3 cxd3 29. Qxd3 Rxc1 30. Rxc1 Qe8 31. f4 Qh5 32. Kh2 g5 33. Rf1 gxf4 34. Nxf4 Nxf4 35. Rxf4 Rxf4 36. Bxf4 Kg7 37. Bd2 Qg6 38. Qxg6+ Kxg6 39. Bb4 Bg5 40. Kg3 Be3 41. Bc5 Kf5 42. Kf3 Bg5 43. Bb4 Bd8 44. Ke3 a5 45. Bc5 Bg5+ 46. Kd3 Bd8 47. Bd6 Kg5 48. Ke4 Kh4 49. d5 exd5+ 50. Kxd5 b4 51. Bxb4 axb4 52. axb4 Kxh3 53. b5 Kg4 54. e6 Kf5 55. b6 Kf6 56. b7 Bc7 57. Kc6 1-0

[Event "GP"]
[Site "Aix-En-Provence"]
[Date "2004.12.11"]
[Round "3.2"]
[White "Lautier, Joel"]
[Black "Kazhgaleyev, Murtas"]
[Result "1-0"]
[WhiteElo "2682"]
[BlackElo "2607"]
[PlyCount "73"]
[EventDate "2004.12.08"]
[Source "Roberto Alvarez"]
[SourceDate "2004.12.13"]

1. d4 d5 2. c4 c6 3. Nf3 dxc4 4. e3 Be6 5. a4 Nf6 6. Nc3 Bd5 7. Nd2 g6 8. e4 Be6 9. Nxc4 Bg7 10. f3 O-O 11. Be3 a5 12. Be2 Na6 13. O-O Nb4 14. Rc1 Ne8 15. d5 cxd5 16. exd5 Bd7 17. Kh1 Nd6 18. Bb6 Qb8 19. Nxa5 Bh6 20. Ra1 Nf5 21. Nc4 Bf4 22. Bg1 e6 23. Nb6 Qd8 24. g4 Ne7 25. Qd4 Bd6 26. dxe6 Bxe6 27. Nxa8 Nec6 28. Qd2 Qe7 29. Nb6 Rd8 30. Qh6 Be5 31. Rad1 Nd4 32. Bc4 Nbc6 33. Nbd5 Qc5 34. Ne4 Bxd5 35. Nxc5 Bxc4 36. Ne4 Re8 37. Rfe1 1-0

[Event "ch-Euro Blitz"]
[Site "Ajaccio FRA"]
[Date "2007.10.26"]
[Round "25"]
[White "Fridman, D2."]
[Black "Tkachiev, V."]
[Result "0-1"]
[WhiteElo "2621"]
[BlackElo "2661"]
[PlyCount "60"]
[EventDate "2007.10.25"]
[Source "www.chesslib.no"]
[SourceDate "2004.05.04"]

1. d4 d5 2. Nf3 Nf6 3. c4 c6 4. e3 Bg4 5. Nc3 e6 6. h3 Bxf3 7. Qxf3 Nbd7 8. Bd3 Bb4 9. O-O O-O 10. Bd2 Re8 11. a3 Ba5 12. b4 Bc7 13. Rad1 e5 14. cxd5 cxd5 15. Bb1 e4 16. Qe2 Nb6 17. f4 exf3 18. Rxf3 Qd6 19. g4 Ne4 20. Nxe4 dxe4 21. Rf4 Nd5 22. Rxe4 Rxe4 23. Bxe4 Re8 24. Qg2 Nf4 25. exf4 Qxd4+ 26. Qf2 Qxe4 27. Re1 Bb6 28. Rxe4 Rxe4 29. Kg2 Bxf2 30. Kxf2 g6 0-1

[Event "Ch Spain (team) (Honor Gr.2)"]
[Site "Lugo (Spain)"]
[Date "2007.07.01"]
[Round "5"]
[White "Malakhov Vladimir (RUS)"]
[Black "Delchev Aleksander (BUL)"]
[Result "1/2-1/2"]
[WhiteElo "2679"]
[BlackElo "2600"]
[PlyCount "81"]
[EventDate "2007.??.??"]
[Source "www.chesslib.no"]
[SourceDate "2004.05.04"]

1. c4 c6 2. Nf3 d5 3. e3 Nf6 4. d4 a6 5. Bd3 Bg4 6. Nbd2 e6 7. b3 c5 8. Bb2 Nc6 9. O-O cxd4 10. exd4 Bb4 11. Be2 O-O 12. h3 Bh5 13. c5 Ne4 14. Nxe4 dxe4 15. Nh2 Bg6 16. Ng4 Qh4 17. a3 Ba5 18. b4 Bc7 19. Qb3 Rfd8 20. Rad1 Rd5 21. Ne5 Rad8 22. Nxc6 bxc6 23. Bc1 Bf5 24. Rfe1 a5 25. Bf1 axb4 26. axb4 Qf6 27. Be3 e5 28. dxe5 Qxe5 29. g3 Be6 30. Rxd5 Bxd5 31. Bc4 Qe6 32. Bxd5 Rxd5 33. Qa4 h5 34. h4 f5 35. Rd1 Rd3 36. Rxd3 exd3 37. b5 cxb5 38. Qxb5 f4 39. gxf4 Qg4+ 40. Kf1 Qe2+ 41. Kg2 1/2-1/2

[Event "Sarajevo 84/301"]
[Site "?"]
[Date "2002.??.??"]
[Round "?"]
[White "Georgiev, Ki"]
[Black "Movsesian, S."]
[Result "1-0"]
[WhiteElo "2654"]
[BlackElo "2624"]
[PlyCount "95"]
[EventDate "2002.??.??"]
[Source "Chess Informant"]
[SourceDate "2002.02.01"]

1. d4 Nf6 2. c4 c6 3. Nf3 d5 4. e3 Bg4 5. h3 Bxf3 6. Qxf3 e6 7. Nc3 Bb4 8. Bd3 O-O 9. O-O Nbd7 10. Qd1 e5 11. cxd5 cxd5 12. Qb3 Bxc3 13. bxc3 Qc7 14. Ba3 Rfc8 15. Rfc1 Nb6 16. Rab1 e4 17. Be2 Rab8 18. Bc5 Nfd7 19. Be7 Nc4 20. Bxc4 dxc4 21. Qb5 b6 22. a4 Re8 23. Bh4 Rbc8 24. a5 Qb7 25. axb6 Nxb6 26. Ra1 f6 27. Rcb1 Re7 28. Ra5 Qd7 29. Qa6 Qb7 30. Qb5 Qd7 31. g4 h6 32. Bg3 Kf7 33. Qh5+ Kg8 34. Rbb5 Qe6 35. h4 Rd8 36. g5 fxg5 37. hxg5 g6 38. Qh4 Qf7 39. Qxh6 Nd5 40. Ra6 Nb6 41. Rbxb6 axb6 42. Rxb6 Qh7 43. Rxg6+ Rg7 44. Qxh7+ Kxh7 45. Rh6+ Kg8 46. g6 Ra8 47. Be5 Ra3 48. d5 1-0

[Event "Moscow RUS"]
[Site "?"]
[Date "2005.02.21"]
[Round "7"]
[White "Kharlov Andrei"]
[Black "Malakhov Vladimir"]
[Result "1-0"]
[WhiteElo "2614"]
[BlackElo "2664"]
[PlyCount "73"]
[EventDate "2005.??.??"]
[Source "www.chesslib.no"]
[SourceDate "2004.05.04"]

1. d4 d5 2. Nf3 Nf6 3. c4 c6 4. Qb3 e6 5. Bg5 h6 6. Bxf6 Qxf6 7. Nc3 Nd7 8. e4 dxe4 9. Nxe4 Qf4 10. Bd3 Nf6 11. Nxf6+ gxf6 12. O-O Rg8 13. Be2 Bd6 14. g3 h5 15. Kh1 Qg4 16. Qe3 Bd7 17. d5 cxd5 18. cxd5 Qf5 19. Rad1 e5 20. Nd2 Be7 21. f4 exf4 22. Rxf4 Qxd5+ 23. Ne4 Qe5 24. Nxf6+ Bxf6 25. Re4 Bc6 26. Bb5 Kf8 27. Bxc6 Qc7 28. Bd5 Rg6 29. Qf3 Rd8 30. Rf4 Qe5 31. Rf5 Qxb2 32. Rf1 Kg7 33. Rxh5 Qd2 34. Bb3 b6 35. Bd5 Rh6 36. g4 Kf8 37. Rd1 1-0

[Event "Mind Sports Games - Rapid Ind"]
[Site "Pechino CINA"]
[Date "2008.10.06"]
[Round "5"]
[White "Nguyen Ngoc Truong Son"]
[Black "Ni Hua"]
[Result "1-0"]
[WhiteElo "2567"]
[BlackElo "2710"]
[PlyCount "107"]
[EventDate "2008.10.05"]
[Source "www.chesslib.no"]
[SourceDate "2004.05.04"]

1. Nf3 Nf6 2. d4 d5 3. c4 c6 4. Qc2 g6 5. Bf4 Bg7 6. e3 O-O 7. Nbd2 c5 8. cxd5 Nxd5 9. Bxb8 Rxb8 10. Qxc5 b6 11. Qa3 a5 12. Bc4 Nb4 13. Rc1 b5 14. Be2 Be6 15. O-O Nxa2 16. Rc5 b4 17. Qxa5 Qxa5 18. Rxa5 b3 19. Ng5 Bf5 20. Bc4 Bc2 21. h4 Rb4 22. Ra1 h6 23. Ngf3 Rc8 24. Bxb3 Bxb3 25. Nxb3 Rxb3 26. R5xa2 Rc2 27. Rb1 f5 28. Kf1 Kf7 29. Ke1 Rb7 30. h5 g5 31. Ra5 e6 32. g3 g4 33. Ne5+ Bxe5 34. Rxe5 Kf6 35. b4 Rb6 36. Rc5 Ra2 37. b5 Kg5 38. d5 exd5 39. Rxd5 Kf6 40. Kf1 Rc2 41. Kg2 Rc4 42. Rbd1 Rb4 43. Rd6+ Rxd6 44. Rxd6+ Kg5 45. Rd5 Kf6 46. Kf1 Rb2 47. Rc5 Rb1+ 48. Ke2 Rb2+ 49. Ke1 Rb1+ 50. Kd2 Rb2+ 51. Kc3 Rxf2 52. b6 Rf1 53. Kb2 Rf2+ 54. Rc2 1-0

[Event "Benidorm Hotel Bali"]
[Site "?"]
[Date "2002.11.30"]
[Round "5"]
[White "Paunovic Dragan"]
[Black "Ponomariov Ruslan"]
[Result "0-1"]
[WhiteElo "2532"]
[BlackElo "2743"]
[PlyCount "84"]
[EventDate "2002.??.??"]
[Source "www.chesslib.no"]
[SourceDate "2004.05.04"]

1. Nf3 d5 2. c4 c6 3. d4 Nf6 4. e3 a6 5. Bd3 Bg4 6. Qb3 Bxf3 7. gxf3 Qc7 8. Nc3 e6 9. Bd2 dxc4 10. Bxc4 c5 11. dxc5 Bxc5 12. Rc1 Nc6 13. Be2 Be7 14. O-O O-O 15. Rfd1 Rfd8 16. Be1 Rxd1 17. Rxd1 Rc8 18. f4 b5 19. a3 Na5 20. Qa2 g6 21. h3 Nc4 22. Bxc4 bxc4 23. Rd4 Qc6 24. Qb1 Ne8 25. Qe4 Qc7 26. Rd1 Bf6 27. Qc2 Nd6 28. Qa4 Qb6 29. Qc2 Nf5 30. Qe2 Kg7 31. Kh2 Qb3 32. Rc1 Qb7 33. f3 Rd8 34. Rd1 Rb8 35. Rd2 e5 36. Ne4 exf4 37. Nxf6 fxe3 38. Rd7 Qxb2 39. Qxb2 Rxb2+ 40. Kg1 Rb1 41. Ne8+ Kf8 42. Kf1 Kxe8 0-1

[Event "Beer Sheva ISR, World Team Ch"]
[Site "?"]
[Date "2005.11.05"]
[Round "5"]
[White "Goldin Alexander"]
[Black "Bareev Evgeny"]
[Result "0-1"]
[WhiteElo "2600"]
[BlackElo "2675"]
[PlyCount "62"]
[EventDate "2005.??.??"]
[Source "www.chesslib.no"]
[SourceDate "2004.05.04"]

1. d4 d5 2. c4 c6 3. Nf3 Nf6 4. Qb3 dxc4 5. Qxc4 Bg4 6. Nbd2 Nbd7 7. g3 e6 8. Bg2 Be7 9. O-O O-O 10. Ne5 Bh5 11. Nxd7 Nxd7 12. Nb3 a5 13. a4 e5 14. dxe5 Nxe5 15. Qc2 Bg6 16. e4 Qd3 17. Qxd3 Nxd3 18. Bd2 Bb4 19. Bc3 f6 20. Rfd1 Rfd8 21. Nd4 Nc5 22. f3 Rd6 23. Bf1 Rad8 24. Be2 Nxe4 25. Bxb4 axb4 26. Nb3 Bf7 27. Na5 Rxd1+ 28. Rxd1 Rxd1+ 29. Bxd1 Nc5 30. b3 Bd5 31. Be2 Kf8 0-1

[Event "Brussels BEL"]
[Site "Brussels BEL"]
[Date "1987.??.??"]
[Round "?"]
[White "Kasparov, Gary"]
[Black "Torre, Eugenio"]
[Result "1-0"]
[WhiteElo "2735"]
[BlackElo "2540"]
[PlyCount "42"]
[EventDate "1987.??.??"]
[Source "www.chesslib.no"]
[SourceDate "2004.05.04"]

1. d4 d5 2. c4 c6 3. Nf3 Nf6 4. Qb3 Qb6 5. Nc3 Bg4 6. c5 Qc7 7. Bf4 Qc8 8. Ne5 Nbd7 9. f3 Bh5 10. g4 Bg6 11. h4 h6 12. Nxg6 fxg6 13. e3 e5 14. dxe5 Ng8 15. Qc2 Ne7 16. Ne2 Qc7 17. b4 O-O-O 18. e4 Nf6 19. Nc1 Nf5 20. Qd1 Qe7 21. e6 Qc7 1-0

[Event "XIX Carlos Torre Mem KO"]
[Site "Merida MES"]
[Date "2006.12.19"]
[Round "2.2"]
[White "Ivanchuk, V."]
[Black "Georgiev, Vl"]
[Result "1/2-1/2"]
[WhiteElo "2741"]
[BlackElo "2532"]
[PlyCount "55"]
[EventDate "2006.12.18"]
[Source "www.chesslib.no"]
[SourceDate "2004.05.04"]

1. d4 d5 2. c4 c6 3. Nf3 dxc4 4. a4 Bg4 5. Ne5 Bh5 6. Nc3 Nd7 7. Nxc4 Ngf6 8. f3 e6 9. e4 Bb4 10. Be2 Nb6 11. Ne5 c5 12. dxc5 Bxc5 13. Qxd8+ Rxd8 14. a5 Nbd7 15. Nd3 Bd6 16. a6 b6 17. Nb5 Bb8 18. Bd2 Rc8 19. Bb4 Nc5 20. Kf2 Nfd7 21. Rhd1 f6 22. Nxc5 Nxc5 23. Ba3 Ke7 24. b4 Nd7 25. Nd4 Bd6 26. Nb5 Bb8 27. Nd4 Bd6 28. Nb5 1/2-1/2

[Event "Amsterdam"]
[Site "?"]
[Date "1995.??.??"]
[Round "?"]
[White "van Wely, L."]
[Black "Salov, V."]
[Result "1-0"]
[WhiteElo "2585"]
[BlackElo "2685"]
[PlyCount "76"]
[EventDate "1995.??.??"]
[Source "ChessBase"]
[SourceDate "1995.06.01"]

1. d4 d5 2. Nf3 Bf5 3. c4 e6 4. Nc3 c6 5. Qb3 Qb6 6. c5 Qc7 7. Bf4 Qc8 8. Nh4 Bg6 9. Nxg6 hxg6 10. e4 Nf6 11. exd5 Nxd5 12. Nxd5 cxd5 13. Bxb8 Qxb8 14. Bb5+ Kd8 15. g3 Be7 16. O-O Bf6 17. Rad1 Qc7 18. Rfe1 a6 19. Bf1 Qc6 20. Qc2 b5 21. b4 Ke7 22. Rd2 Rhb8 23. Ra1 g5 24. a4 Kd7 25. Qd1 Bd8 26. Rda2 bxa4 27. Rxa4 a5 28. bxa5 Rb2 29. a6 Bf6 30. R1a2 Rbb8 31. a7 Rc8 32. Ra6 Qb7 33. Rb6 Qc7 34. Qb3 Bxd4 35. Rb7 Bxc5 36. Qb5+ Kd6 37. Ra6+ Ke5 38. Rxc7 Rxc7 1-0

[Event "Open 'Mediterraneo 2017'"]
[Site "Fiume CRO"]
[Date "2008.12.05"]
[Round "9"]
[White "Grachev, Boris"]
[Black "Predojevic, Borki"]
[Result "1/2-1/2"]
[WhiteElo "2653"]
[BlackElo "2615"]
[PlyCount "103"]
[EventDate "2008.11.29"]
[Source "www.chesslib.no"]
[SourceDate "2004.05.04"]

1. d4 d5 2. Nf3 Nf6 3. c4 c6 4. e3 Bg4 5. h3 Bxf3 6. Qxf3 e6 7. Nc3 Nbd7 8. Bd3 Bd6 9. cxd5 cxd5 10. O-O Be7 11. e4 dxe4 12. Bxe4 Nxe4 13. Qxe4 O-O 14. Qxb7 Bf6 15. Rd1 Nb6 16. Bf4 Re8 17. Qf3 Rc8 18. Nb5 Re7 19. Rac1 Rxc1 20. Rxc1 Nd5 21. Be5 h6 22. Qa3 Rb7 23. Nd6 Rc7 24. Rc5 Bxe5 25. dxe5 Qb8 26. b3 Qb6 27. Rxc7 Qxc7 28. Nc4 Nf4 29. Qd6 Qb7 30. f3 Ng6 31. Qd4 h5 32. Kh2 Qe7 33. f4 h4 34. Qe4 Qc5 35. f5 exf5 36. Qxf5 Qd5 37. a4 Qc5 38. a5 a6 39. Qe4 Qf2 40. b4 Nf4 41. Qa8+ Kh7 42. Qf3 Qd4 43. Nd6 Qxe5 44. Nxf7 Qc7 45. Ng5+ Kh6 46. Ne4 Nd5+ 47. g3 hxg3+ 48. Nxg3 Qc2+ 49. Kg1 Qc1+ 50. Kh2 Qc2+ 51. Kg1 Qc1+ 52. Kh2 1/2-1/2

[Event "32nd TCh-GRE"]
[Site "Kallithea Chalkidiki"]
[Date "2003.07.09"]
[Round "6"]
[White "Mchedlishvili, Mikheil"]
[Black "Azmaiparashvili, Zurab"]
[Result "1/2-1/2"]
[WhiteElo "2566"]
[BlackElo "2702"]
[PlyCount "56"]
[EventDate "2003.07.04"]
[Source "Roberto Alvarez"]
[SourceDate "2003.07.14"]

1. d4 Nf6 2. c4 c6 3. Nf3 d5 4. e3 Bg4 5. h3 Bxf3 6. Qxf3 e6 7. Bd3 Nbd7 8. cxd5 exd5 9. Bd2 Bd6 10. Nc3 Nf8 11. g4 Ne6 12. h4 Qe7 13. O-O-O g6 14. Qg2 O-O-O 15. f4 Ng7 16. h5 gxh5 17. gxh5 h6 18. Qf3 Rhg8 19. Rdg1 Ne6 20. Kb1 Rxg1+ 21. Rxg1 Rg8 22. Rxg8+ Nxg8 23. Qh3 Kc7 24. Ne2 Qf6 25. Ng3 Ne7 26. Qg4 Qg7 27. Qf3 Qf6 28. Qg4 Qg7 1/2-1/2

[Event "Bundesliga 2007-8"]
[Site "Katernberg GER"]
[Date "2007.11.24"]
[Round "3"]
[White "Predojevic, B."]
[Black "Fridman, D2."]
[Result "1/2-1/2"]
[WhiteElo "2645"]
[BlackElo "2621"]
[PlyCount "49"]
[EventDate "2007.10.19"]
[Source "www.chesslib.no"]
[SourceDate "2004.05.04"]

1. d4 d5 2. c4 c6 3. e3 Nf6 4. Nf3 Bg4 5. Nc3 e6 6. h3 Bxf3 7. Qxf3 Nbd7 8. Bd3 Bb4 9. Bd2 O-O 10. O-O Re8 11. a3 Ba5 12. b4 Bc7 13. cxd5 cxd5 14. e4 e5 15. Bg5 h6 16. Bh4 g5 17. Bg3 exd4 18. Nxd5 Nxd5 19. exd5 Ne5 20. Qf5 Nxd3 21. Bxc7 Qxc7 22. Qxd3 Qe5 23. Rad1 Qxd5 24. Qxd4 Qxd4 25. Rxd4 1/2-1/2

[Event "Burgas"]
[Site "?"]
[Date "1994.??.??"]
[Round "?"]
[White "Khalifman, A."]
[Black "Gurevich, M."]
[Result "1/2-1/2"]
[WhiteElo "2645"]
[BlackElo "2620"]
[PlyCount "66"]
[EventDate "1994.??.??"]
[Source "ChessBase"]
[SourceDate "1994.06.01"]

1. Nf3 d5 2. d4 Bf5 3. c4 e6 4. Nc3 c6 5. Qb3 Qc8 6. Bf4 Nf6 7. e3 Be7 8. Be2 Nbd7 9. O-O h6 10. Rac1 O-O 11. h3 Nb6 12. Ne5 dxc4 13. Nxc4 Nxc4 14. Qxc4 Qd8 15. Bf3 Bg6 16. Rfd1 Nd5 17. Bh2 Nxc3 18. Rxc3 Qa5 19. a3 Rfd8 20. Rdc1 Rd7 21. b4 Qb6 22. Be2 a6 23. Qb3 Bf8 24. Bg3 Be4 25. f3 Bg6 26. Kh1 Re8 27. Bf1 Kh8 28. Qb2 Kh7 29. Qb3 Rd5 30. Bc4 Rd7 31. Bf1 Bf5 32. Qb2 Be7 33. Be5 Bf8 1/2-1/2

[Event "56th ch-RUS"]
[Site "Krasnoyarsk"]
[Date "2003.09.06"]
[Round "4"]
[White "Dreev, Alexey"]
[Black "Kornev, Alexei"]
[Result "1/2-1/2"]
[WhiteElo "2698"]
[BlackElo "2566"]
[PlyCount "93"]
[EventDate "2003.09.03"]
[Source "Roberto Alvarez"]
[SourceDate "2003.09.15"]

1. d4 d5 2. c4 c6 3. Nf3 dxc4 4. e3 Be6 5. Ne5 Nf6 6. Nxc4 g6 7. Nbd2 Bg7 8. b4 O-O 9. Bb2 Bd5 10. Qc2 Nbd7 11. e4 Bxc4 12. Bxc4 Nh5 13. Nf3 a5 14. a3 axb4 15. axb4 Rxa1+ 16. Bxa1 e5 17. dxe5 Qe7 18. Qc3 Re8 19. O-O Nxe5 20. Nxe5 Bxe5 21. Qxe5 Qxe5 22. Bxe5 Rxe5 23. f3 b5 24. Bb3 c5 25. f4 Rxe4 26. bxc5 Re7 27. c6 Rc7 28. Bd5 Kf8 29. g3 Ke7 30. Rb1 Nf6 31. Bg2 Kd6 32. Rxb5 Ng8 33. Bd5 Nf6 34. Bf3 Ng8 35. Bd5 Nf6 36. Bf3 Ng8 37. Rd5+ Ke6 38. Re5+ Kd6 39. Rd5+ Ke6 40. Re5+ Kd6 41. Re8 Ne7 42. Rh8 h5 43. Rd8+ Ke6 44. Rb8 Nxc6 45. Rb6 Kd7 46. Bd5 Nd8 47. Rb2 1/2-1/2

[Event "XXXIV Camp. israeliano"]
[Site "Haifa ISR"]
[Date "2008.12.08"]
[Round "6"]
[White "Postny, E."]
[Black "Huzman, A."]
[Result "1/2-1/2"]
[WhiteElo "2674"]
[BlackElo "2590"]
[PlyCount "77"]
[EventDate "2008.12.01"]
[Source "www.chesslib.no"]
[SourceDate "2004.05.04"]

1. d4 d5 2. c4 c6 3. Nf3 Nf6 4. Qc2 g6 5. Bf4 dxc4 6. Qxc4 Bg7 7. Nbd2 Be6 8. Qc1 Nh5 9. Be5 Bxe5 10. dxe5 Qa5 11. a3 Nd7 12. b4 Qc7 13. Qb2 a5 14. e3 O-O 15. Be2 axb4 16. axb4 Rxa1+ 17. Qxa1 c5 18. bxc5 Qxc5 19. O-O Rc8 20. Rb1 b6 21. h3 Ng7 22. Qb2 h6 23. Bb5 Nf8 24. Ba6 Ra8 25. Rc1 Qa5 26. Bb5 Bd7 27. Bf1 b5 28. Nd4 Nge6 29. Rb1 Nxd4 30. Qxd4 Rc8 31. Ra1 Qc3 32. Qxc3 Rxc3 33. Rb1 Rc2 34. Ne4 Bc6 35. Bd3 Bxe4 36. Bxe4 Rc5 37. Bd3 Rxe5 38. Rxb5 Rxb5 39. Bxb5 1/2-1/2

[Event "Czech Coal"]
[Site "Carlsbad CZE"]
[Date "2007.09.13"]
[Round "5"]
[White "Laznicka, V."]
[Black "Movsesian, S."]
[Result "1/2-1/2"]
[WhiteElo "2594"]
[BlackElo "2667"]
[PlyCount "53"]
[EventDate "2007.09.08"]
[Source "www.chesslib.no"]
[SourceDate "2004.05.04"]

1. d4 d5 2. c4 c6 3. Nf3 dxc4 4. e3 Be6 5. Qc2 Nf6 6. Bxc4 Bxc4 7. Qxc4 e6 8. Nc3 Be7 9. e4 O-O 10. O-O Nbd7 11. Bf4 a5 12. a4 Qb6 13. Rad1 Rac8 14. Rfe1 Rfd8 15. h3 Qb4 16. Qa2 h6 17. Re3 Nf8 18. Red3 Ng6 19. Be3 Bf8 20. R3d2 b5 21. d5 exd5 22. axb5 Nxe4 23. Nxe4 Qxe4 24. bxc6 Rxc6 25. Qxa5 Rb8 26. Rd4 Qc2 27. R4d2 1/2-1/2

[Event "2nd Sanjin Hotel Cup"]
[Site "Tiayuan CHN"]
[Date "2005.07.10"]
[Round "2"]
[White "Bu Xiangzhi"]
[Black "Ni Hua"]
[Result "1/2-1/2"]
[WhiteElo "2632"]
[BlackElo "2629"]
[PlyCount "80"]
[EventDate "2005.07.09"]
[Source "www.chesslib.no"]
[SourceDate "2004.05.04"]

1. Nf3 Nf6 2. c4 c6 3. d4 d5 4. e3 a6 5. Qc2 Bg4 6. Nbd2 e6 7. Bd3 dxc4 8. Nxc4 Bxf3 9. gxf3 Nbd7 10. Bd2 c5 11. Ba5 Qb8 12. Nb6 Nxb6 13. Bxb6 cxd4 14. Qa4+ Nd7 15. O-O-O Bd6 16. Kb1 Ke7 17. Qxd4 Nxb6 18. Qxb6 Qa7 19. Qb3 Rac8 20. Rhg1 g6 21. Qa4 Be5 22. f4 Bf6 23. Bxg6 b5 24. Qb4+ Qc5 25. Qxc5+ Rxc5 26. Be4 h6 27. Rd3 Rd8 28. Rxd8 Kxd8 29. Rd1+ Ke7 30. Rd2 a5 31. a3 b4 32. axb4 Rc4 33. Bf3 Rxb4 34. Ka2 Rc4 35. h3 Rc1 36. Bg4 Rf1 37. f5 exf5 38. Bxf5 Bh4 39. f4 Rf3 40. Re2 Rf2 1/2-1/2